Normale Ansicht MARC-Ansicht ISBD

Neue Anlaufstelle für junge Menschen (Titelsatznr. 374377)

[ MARC ]
MARC-Details
000 -Satzkennung
Kontrollfeld mit fester Länge 00641nab a2200193 4500
001 - Kontrollnummer
Kontrollfeld 244442
003 - Kontrollnummer Identifier
Kontrollfeld OSt
005 - Datum und Zeit der letzten Transaktion
Kontrollfeld 20260423113124.0
007 - Feld mit fester Länge zur physischen Beschreibung - Allgemeine Information
Kontrollfeld mit fester Länge tu
008 - Feld mit fester Länge zur physischen Beschreibung - Allgemeine Angaben
Kontrollfeld mit fester Länge 260423s2020|||||||
040 ## - Katalogisierungsquelle
Original-Katalogisierungsstelle DE-2950
Übertragungsstelle DE-2950
245 00 - Titel
Titel Neue Anlaufstelle für junge Menschen
Zusatz zum Titel Im neuen Jugendbüro sollen unter anderem, Freiwilligendienste, internationale Projekte und Beratungsangebote für junge Menschen zusammenlaufen/
Verfasserangabe etc. red
264 ## - Produktion, Veröffentlichung, Distribution, Herstellung und Urheberrechtsvermerk
Datum der Herstellung, der Veröffentlichung, des Vertriebs oder des Urheberschutzvermerks 2026
653 ## - Indexierungsterm - Nicht normiert
Nicht-normierter Term Frankfurt (Oder)
653 ## - Indexierungsterm - Nicht normiert
Nicht-normierter Term pewobe gGmbH
653 ## - Indexierungsterm - Nicht normiert
Nicht-normierter Term Jugendbüro
773 0# - Übergeordnete Einheit
Verknüpfungsangaben 37. Jahrgang (2026) Nr. 84 vom 11.04.2026 , S. 19 mit Foto
Titel Märkische Oderzeitung
942 ## - Zusätzliche Felder (Koha)
Klassifikation oder Aufstellungssystematik Andere/Generische Klassifikation
Koha-Medientyp Aufsätze
Exemplare
Ausgeschieden Verloren Klassifikation oder Aufstellungssystematik Beschädigt Nicht entleihbar Heimatbibliothek Aufenthaltsbibliothek Aufstellungsort Erwerbungsdatum Anzahl Ausleihen Signatur Letzte Aktivität Preis gültig von Koha-Medientyp
    Andere/Generische Klassifikation     Stadtarchiv Frankfurt (Oder) | Archivbibliothek Stadtarchiv Frankfurt (Oder) | Archivbibliothek Magazin 23/04/2026   Z2 23/04/2026 23/04/2026 Aufsätze